| 000 | 00753nam a2200265Ia 4500 | ||
|---|---|---|---|
| 003 | OSt | ||
| 005 | 20221006145109.0 | ||
| 006 | a|||||r|||| 00| 0 | ||
| 007 | ta | ||
| 008 | 221006b |||||||| |||| 00| 0 eng d | ||
| 024 | _a13,783 | ||
| 037 | _cTextual | ||
| 040 |
_aEASL _cEASL _beng |
||
| 041 |
_2eng _aeng |
||
| 082 | _aV41:195,(Y:1), F5 | ||
| 100 |
_aREICHWEIN Adolf Au. _9653506 |
||
| 245 | 0 |
_aChina and Europe _b Intellectual and artistic contacts in the eighteenth century |
|
| 260 |
_aTAipei _bCheng-Wen Pub. _c1967 |
||
| 300 |
_a179p. _ccm. |
||
| 490 | _v CEL | ||
| 500 | _aHistory of civilization | ||
| 650 | _aCEL | ||
| 942 |
_hV41:195,(Y:1), F5 _cTEXL _2CC |
||
| 999 |
_c1081869 _d1081869 |
||